| 000 | 00435nam a2200145Ia 4500 | ||
|---|---|---|---|
| 008 | 100415s9999 xx 000 0 und d | ||
| 082 |
_b13418 _a581(13) |
||
| 100 | _aUstimenko GV | ||
| 245 | _aPlant Growing in the Tropics and Subtropics | ||
| 260 |
_aMOSCOW _c1983 _bMIR PUBLISHERS |
||
| 365 | _b0 | ||
| 630 | _aPlant Growing in the Tropics and Subtropics | ||
| 730 | _aPlant Growing in the Tropics and Subtropics | ||
| 942 | _cBOOK | ||
| 999 |
_c596334 _d596331 |
||